080_ Personnalités nées un 21 mars par images - Statistiques

Statistiques générales
  • Ce quiz a été pris 30 fois
  • Le résultat moyen est 4 sur 9
Statistiques - réponses
Par images Hint Réponse % Correct
Footballeur Antoine Griezmann
100%
Dirigeant Politique Jair Bolsonaro
79%
Footballer Ronaldinho
79%
Politicien Xavier Bertrand
57%
Journaliste Apolline de Malherbe
39%
Acteur Timothy Dalton
36%
Politicien Sergueï Lavrov
7%
Humoriste Chris Esquerre
4%
Chanteur Rodger Hodgson
0%
Aucun quiz correspondant
Distribution des résultats
% des personnes avec chaque résultat
Percentile par nombre de réponses
Votre historique - résultats
Vous n’avez pas pris ce quiz